000
00341pam a2200157a 44500
008
230515b2012 xxu||||| |||| 00| 0 eng d
020
_a
NULL
041
_a
MARATHI
082
_a
1
100
_a
ATHAVALE
245
_a
DRUSHARTHA SHARIRAM
250
_a
1
260
_a
NULL
_b
N.D.
_c
2012
300
_a
200
650
_a
DRUSHARTHA SHARIRAM
999
_c
497458
_d
497458